01670nam a22002657a 4500003000400000005001700004008003500021020001800056040002500074082001000099245006400109250001100173260006300184300002300247500005500270505074200325700003601067700003801103700003801141700004801179700003201227942001401259952011401273999001701387OSt20201021144028.0201021b 2007 dr 00| 0 eng d a9789945425178 aDO-SdBNPbspacBNPHU bT314d00aTeoría del delito /cJosé de la Mata Amaya ... [et al.] a3a ed. aSanto Domingo :bEscuela Nacional de la Judicatura,c2007. a505 p. ; c28 cm.  aLa biblioteca posee la tercera reimpresión 2010. aPresentación --tIntroducción --tEl derecho penal. Fundamento y límites a su intervención. La ley penal. ámbito de aplicación -- tEl concepto de delito. La tipicidad. El tipo objetivo -- tEl tipo subjetivo. Dolo, imprudencia y error de tipo --tLa omisión --tLa tentativa de delito y el desistimiento --tFormar de intervención en el hecho típico : la autoría y la participación --tLa antijuridicidad. Causas de justificación --t|La culpabilidad --tLas circunstancias modificativas de la responsabilidad y la pluralidad de delitos -tLas consecuencias jurídicas del delito. La pena y la medida de seguridad. La determinación de la pena --tGuía metodológica para la solución con casos penales --1 aMata Amaya, José de la9308891 aSánchez Tomás, Miguel 9769881 aAlcácer Guirao, Rafael 9769891 aLascuraín Sánchez, Juan Antonio 9769901 aRusconi, Maximiliano 97258 2ddccLBS1 00102ddc708MOaBNPHUbBNPHUcCTd2020-10-21eDomínico Americano l0oT314dr2020-10-21w2020-10-21yLBS1 c48941d48941